Construcción de túnel el quebradón
El presente trabajo se trata de la construcción del túnel quebradón proyecto hidroeléctrico Asturias, el cual contempla dentro de su desarrollo, controles topográficos, geología, descripción, diseño, construcción del túnel el Quebradón comunicaciones, alineamiento y nivelación, aire comp...
| Main Author: | |
|---|---|
| Other Authors: | |
| Format: | Tesis Section = Libro |
| Language: | Undetermined Spanish |
| Published: |
Managua
Universidad Nacional Autónoma de Nicaragua (UNAN)
1987
|
| Subjects: |
| LEADER | 01002nam a2200205Ia 4500 | ||
|---|---|---|---|
| 008 | 240830s9999 xx 000 0 und d | ||
| 040 | |a BIBLIOTECA-RUPAP Mon 624.19 O77 | ||
| 041 | |a spa | ||
| 082 | |a Mon 624.19 O77 | ||
| 100 | 1 | |a Ortega Robleto, Iván | |
| 245 | 1 | 0 | |a Construcción de túnel el quebradón |
| 260 | |a Managua |b Universidad Nacional Autónoma de Nicaragua (UNAN) |c 1987 | ||
| 300 | |a 159 p. :il. | ||
| 502 | |a Tesis (Ingeniero Civil)- UNI, 1987. | ||
| 520 | 3 | |a El presente trabajo se trata de la construcción del túnel quebradón proyecto hidroeléctrico Asturias, el cual contempla dentro de su desarrollo, controles topográficos, geología, descripción, diseño, construcción del túnel el Quebradón comunicaciones, alineamiento y nivelación, aire comprimido, revestimiento, soporte, procedimiento concreto, inyección de contacto. | |
| 650 | 7 | |a TUNELES - CONSTRUCCION | |
| 700 | 1 | |a Tutor: |b Valle Dávila, Fernando | |
| 942 | |c BK |2 ddc | ||
| 991 | |a TESIS | ||
| 999 | |c 15912 | ||